| 000 | 00838nam a2200265 a 4500 | ||
|---|---|---|---|
| 008 | |||
| 020 | _a0621096822(hbk.) | ||
| 049 | _aMAIN | ||
| 090 | _aSB605.A35 | ||
| 245 | 1 | 0 |
_aCrop pests in Southern Africa/ _c[edited by] A.C.Myburgh |
| 260 |
_aPretoria: _bDepartment of agriculture and water supply, _c1986 |
||
| 300 |
_aiv,92 p. : _bill. ; _c22 cm. |
||
| 504 | _aIncludes bibliographical references. | ||
| 500 | _aIncludes index. | ||
| 505 | 0 | _aVol.1-Deciduous fruit,grapes and berries | |
| 650 |
_aUrban Policy _zAfrica |
||
| 650 |
_aSociology urban _zAfrica |
||
| 650 |
_aCities and towns _zAfrica |
||
| 650 | 1 |
_aCrop pests _xSouthern Africa |
|
| 907 |
_a.b10196584 _b21-03-06 _c21-03-06 |
||
| 003 | |||
| 005 | 20230123134202.0 | ||
| 040 | _cNUST | ||
| 942 |
_cBOOKS _kSB605.A35 |
||
| 999 |
_c161511 _d161511 |
||